[Event "Novokuznetsk op"]
[Site "Novokuznetsk"]
[Date "2008.08.14"]
[Round "3"]
[White "Zhukova, Daria"]
[Black "Chernyh, Pavel"]
[Result "1-0"]
[WhiteElo "1932"]
[BlackElo "1942"]
[PlyCount "41"]
[EventDate "2008.08.12"]
[EventType "swiss"]
[EventRounds "9"]
[EventCountry "RUS"]
[SourceTitle "EXT 2022"]
[Source "ChessBase"]
[SourceDate "2021.10.06"]
[SourceVersion "1"]
[SourceVersionDate "2021.10.06"]
[SourceQuality "1"]

1. e4 c5 2. Nf3 d6 3. d4 cxd4 4. Nxd4 Nf6 5. Nc3 Nc6 6. f3 g6 7. Be3 Bg7 8. Qd2 0-0 9. 0-0-0 a6 10. g4 Ne5 11. h4 Bd7 12. h5 gxh5 13. g5 Ne8 14. Qh2 Rc8 15. Qxh5 h6 16. Nf5 Bxf5 17. exf5 Qa5 18. f6 exf6 19. gxh6 Bh8 20. h7+ Kg7 21. Qh6# 1-0